| 000 | 00650nam a2200241 a 4500 | ||
|---|---|---|---|
| 005 | 20210219153239.0 | ||
| 008 | 991125n 000 0 eng u | ||
| 035 | _aUPN01000085509 | ||
| 100 | _aPHILIPPI, H. A. | ||
| 222 | _aTHE EDUCATIONAL FORUM | ||
| 245 | _aA letter to teachers | ||
| 300 | _a403-409 | ||
| 362 | _a1968 Vol. 32, no. 4, may. | ||
| 653 | 0 | _aADMINISTRACION EDUCATIVA | |
| 653 | 0 | _aDESARROLLO SOCIAL | |
| 653 | 0 | _aEDUCACION PUBLICA | |
| 653 | 0 | _aETICA PROFESIONAL | |
| 653 | 0 | _aFORMACION DE MAESTROS | |
| 653 | 0 | _aPOLITICA EDUCATIVA | |
| 700 | _aCHILDRESS, J. R., couat. | ||
| 904 |
_aAC _b023320 |
||
| 905 | _aArticulo | ||
| 999 |
_c71952 _d71952 |
||